European Capitals with a Ring Road - Statistics

General Stats
  • This quiz has been taken 28 times
  • The average score is 10 of 11
Answer Stats
Answer Roads % Correct
Berlin A 10
100%
London M25/A282
100%
Madrid M-30, M-40, M-45, M-50
100%
Moscow МКАД
100%
Paris BP, A86
100%
Brussels R0
95%
Rome A90
95%
Vatican City A90
95%
Amsterdam A10
91%
Minsk М9 (МКАД), М1/М2/М14 (МКАД-2)
77%
Ljubljana A1/A2/H3
59%
No matching quizzes found
Score Distribution
Percent of People with Each Score
Percentile by Number Answered
Your Score History
You have not taken this quiz